[Event "22nd Hampstead: Under 2200"]
[Site "London, England"]
[Date "2014.10.25"]
[Round "1"]
[White "Klingher, Dominic"]
[Black "Gelain-Sohn, Emmanuelle"]
[Result "1-0"]
[WhiteElo "1762"]
[BlackElo "1285"]

1. e4 c5 2. d4 cxd4 3. c3 dxc3 4. Nxc3 Nc6 5. Bc4 e6 6. Nf3 Be7 7. O-O d6 8.
Bf4 a6 9. a4 b6 10. Rc1 Bb7 11. Bg3 Nf6 12. Re1 O-O 13. Qe2 e5 14. Red1 Qc7
15. Bh4 h6 16. Bg3 Rad8 17. Bxa6 Bxa6 18. Qxa6 Nb4 19. Qb5 Nc6 20. Nd5 Na7 21.
Rxc7 Nxb5 22. Nxe7+ Kh7 23. axb5 Nxe4 24. Nf5 g6 25. Ne3 Rc8 26. Rc6 Nxg3 27.
hxg3 e4 28. Nh4 Rfd8 29. Rdc1 Rb8 30. Rc7 Kg7 31. Nd5 Re8 32. R1c6 Re6 33. Nf4
Re5 34. Rxd6 Rg5 35. Nhxg6 Re8 36. Rdd7 Rf5 37. Nh4 Rxf4 38. gxf4 Rf8 39. f5
Kg8 40. Ng6 fxg6 41. Rg7+ Kh8 42. Rh7+ Kg8 43. Rcg7# 1-0

[Event "22nd Hampstead: Under 2200"]
[Site "London, England"]
[Date "2014.10.25"]
[Round "1"]
[White "Vanguelova, Ralitza"]
[Black "Woltery, Nicolai"]
[Result "0-1"]
[WhiteElo "1270"]
[BlackElo "1755"]

1. e4 c5 2. Nf3 Nc6 3. Nc3 g6 4. d4 cxd4 5. Nxd4 Bg7 6. Nxc6 bxc6 7. Bc4 e6 8.
O-O d5 9. exd5 cxd5 10. Bb5+ Bd7 11. Bxd7+ Qxd7 12. Bg5 Rc8 13. Qd3 Ne7 14.
Rae1 O-O 15. Bxe7 Qxe7 16. Nxd5 Qd8 17. Nf4 Qxd3 18. cxd3 Bxb2 19. Re2 Bd4 20.
Re4 e5 21. Nd5 Rc2 22. Nb4 Rb2 23. Nc6 f5 24. Ree1 Rxa2 25. Nxe5 Re8 26. Nf3
Rxe1 27. Nxe1 Rd2 28. Nf3 Rxd3 29. Nxd4 Rxd4 30. Ra1 a5 31. f4 a4 32. g3 h6
33. h4 Kf7 34. Kf2 Kf6 35. Kf3 g5 36. fxg5+ hxg5 37. h5 g4+ 38. Ke3 Re4+ 39.
Kd3 Kg5 40. Rh1 Kh6 41. Kc3 Re3+ 42. Kb4 Rxg3 43. Kxa4 Rh3 44. Rd1 Kxh5 45.
Rd5 Kg5 46. Rd7 g3 47. Rg7+ Kf6 48. Rg8 Rh4+ 49. Kb3 Rg4 50. Rf8+ Ke5 51. Re8+
Kf4 52. Re2 Kf3 53. Re5 g2 54. Rxf5+ Ke4 55. Rf1 gxf1=Q 56. Kc3 Ke3 57. Kb3
Qc4+ 58. Kb2 Rg2+ 59. Ka3 Ra2# 0-1

[Event "22nd Hampstead: Under 2200"]
[Site "London, England"]
[Date "2014.10.25"]
[Round "1"]
[White "Grey, Nicholas D"]
[Black "Mospan, Edward"]
[Result "1-0"]
[WhiteElo "1751"]
[BlackElo "1268"]

1. e4 c5 2. c3 d6 3. d4 cxd4 4. cxd4 a6 5. Nc3 Nf6 6. Bd3 Nc6 7. Nf3 e6 8. O-O
Be7 9. a3 b5 10. Re1 O-O 11. e5 Nd7 12. Bf4 d5 13. Qc2 g6 14. Nxb5 axb5 15.
Qxc6 Nb6 16. Qc1 Bd7 17. Bh6 Re8 18. Ng5 Bf8 19. Qf4 Qe7 20. Qh4 f6 21. exf6
Qxf6 22. Bxf8 Qh8 23. Bd6 Nc8 24. Be5 {#r} 1-0

[Event "22nd Hampstead: Under 2200"]
[Site "London, England"]
[Date "2014.10.25"]
[Round "1"]
[White "Woltery, H-J."]
[Black "Seman, Myroslav"]
[Result "0-1"]
[WhiteElo "1165"]
[BlackElo "1479"]

1. e4 e5 2. Nf3 Nf6 3. Bc4 Nxe4 4. Nxe5 d5 5. Qf3 Be6 6. d3 Nf6 7. Bb3 Bd6 8.
Bf4 O-O 9. Nc3 c6 10. O-O-O Bxe5 11. Bxe5 Bg4 12. Bxf6 Bxf3 13. Bxd8 Bxd1 14.
Rxd1 Rxd8 15. Re1 Kf8 16. Re5 Re8 17. Rxe8+ Kxe8 18. Kd2 Nd7 19. f3 Nc5 20. d4
Nxb3+ 21. axb3 Kd7 22. Ke3 Re8+ 23. Kf2 g5 24. Ne2 f5 25. Ng3 Ke6 26. Nh5 Kf7
27. h3 f4 28. g3 Kg6 29. g4 Ra8 30. Ke2 a5 31. h4 h6 32. c3 a4 33. bxa4 Rxa4
34. Kd2 Ra2 35. Kc2 Ra1 36. b4 Rf1 37. Kb3 Rxf3 38. Ka4 Rxc3 {#R} 0-1

[Event "22nd Hampstead: Under 2200"]
[Site "London, England"]
[Date "2014.10.25"]
[Round "2"]
[White "Grundy, Thomas"]
[Black "Rogers, Tim L"]
[Result "0-1"]
[WhiteElo "1806"]
[BlackElo "2035"]

1. d4 d5 2. c4 e6 3. Nc3 Be7 4. Nf3 Nf6 5. Bg5 h6 6. Bh4 O-O 7. e3 b6 8. cxd5
Nxd5 9. Bxe7 Qxe7 10. Nxd5 exd5 11. Bd3 Be6 12. O-O c5 13. Ne5 Nd7 14. f4 Nxe5
15. fxe5 cxd4 16. exd4 Qb4 17. Bc2 Rfc8 18. Qd3 Qxb2 19. Qh7+ Kf8 20. Qh8+ Ke7
21. Qxg7 Qxc2 22. Rxf7+ Bxf7 23. Qf6+ Kd7 24. Qxf7+ Kc6 25. Qe6+ Kb5 26. Qxd5+
Ka6 27. a4 Qc4 28. Qe4 Rd8 29. Rd1 Rac8 30. e6 Qxa4 31. Qe2+ Qc4 32. Ra1+ Kb7
33. Qe4+ Qd5 34. Qh7+ Rc7 {#R} 0-1

[Event "22nd Hampstead: Under 2200"]
[Site "London, England"]
[Date "2014.10.25"]
[Round "2"]
[White "Wright, Ashley"]
[Black "Prior, Stephen CV"]
[Result "0-1"]
[WhiteElo "1802"]
[BlackElo "2028"]

1. e4 c5 2. c3 Nf6 3. e5 Nd5 4. Nf3 e6 5. Be2 d6 6. O-O dxe5 7. Nxe5 Bd6 8.
Bb5+ Bd7 9. Nxd7 Nxd7 10. Qg4 O-O 11. Bxd7 Qxd7 12. d4 f5 13. Qf3 Qc7 14. h3
Rf6 15. Na3 a6 16. c4 Nb4 17. dxc5 Bxc5 18. Re1 e5 19. Bg5 e4 20. Qc3 Rg6 21.
Be3 Nd3 22. Bxc5 Qxc5 23. Re2 f4 24. Rd2 f3 25. b4 Rxg2+ 26. Kf1 Rg1+ 27. Kxg1
Qg5+ 28. Kf1 Qg2# 0-1

[Event "22nd Hampstead: Under 2200"]
[Site "London, England"]
[Date "2014.10.25"]
[Round "2"]
[White "Briggs, John Nicholas"]
[Black "Rubeck, Jonathan"]
[Result "1/2-1/2"]
[WhiteElo "1955"]
[BlackElo "1800"]

1. Nf3 Nf6 2. c4 c5 3. d4 cxd4 4. Nxd4 g6 5. Nc3 Bg7 6. e4 d6 7. Be2 O-O 8.
O-O Nbd7 9. Be3 Nc5 10. f3 Bd7 11. Rc1 Rc8 12. b4 Ne6 13. Nb3 b6 14. Qd2 Re8
15. Rfd1 Bc6 16. Bf1 Qc7 17. Nd5 Qb8 18. Re1 Rcd8 19. Qf2 Ba8 20. h3 Nc7 21.
Bg5 Ne6 22. Nxf6+ exf6 23. Be3 Nc7 24. Kh1 Qc8 25. Nd4 f5 26. exf5 Bxd4 27.
Bxd4 Qxf5 28. Ba1 Qf4 29. Qb2 Re5 30. Rxe5 dxe5 31. Qxe5 Qxe5 32. Bxe5 Ne6 33.
c5 bxc5 34. bxc5 Rc8 35. Bd6 Bc6 36. Kg1 a5 37. Kf2 Kg7 38. Rb1 a4 39. a3 Bd5
40. Rc1 Bc6 41. Ba6 Ra8 42. Bc4 Ra5 43. Bd3 Kf6 44. Ke3 Nd8 45. Be4 Rb5 46.
Rb1 Rb3+ 47. Rxb3 axb3 48. Kd2 Ke6 49. Kc3 f5 50. Bd3 Nb7 51. Kxb3 Nxd6 52.
cxd6 Kxd6 53. Kb4 Ke5 54. Kc5 Ba4 55. Bb5 Bd1 56. a4 Bxa4 57. Bxa4 Kf4 58. Bc6
Kg3 59. f4 Kxf4 60. Kd4 h5 {#d} 1/2-1/2

[Event "22nd Hampstead: Under 2200"]
[Site "London, England"]
[Date "2014.10.25"]
[Round "2"]
[White "Chapman, Nigel"]
[Black "Landau, Jonathan"]
[Result "1/2-1/2"]
[WhiteElo "1769"]
[BlackElo "1945"]

1. e4 e5 2. d4 exd4 3. c3 d5 4. exd5 Qxd5 5. cxd4 Nc6 6. Be3 Bb4+ 7. Nc3 Nf6
8. Nge2 Bg4 9. Qd2 Qa5 10. f3 Bf5 11. a3 O-O-O 12. Rc1 Bxc3 13. Nxc3 Rhe8 14.
Kf2 Nd5 15. Nxd5 Qxd2+ 16. Bxd2 Rxd5 17. Be3 Nxd4 18. Bc4 Rd7 19. Bxf7 Red8
20. Rhd1 Rxf7 21. Rxd4 Rxd4 22. Bxd4 Rd7 23. Bc3 {#d} 1/2-1/2

[Event "22nd Hampstead: Under 2200"]
[Site "London, England"]
[Date "2014.10.25"]
[Round "2"]
[White "Bedi, Adam"]
[Black "Klingher, Dominic"]
[Result "1-0"]
[WhiteElo "1916"]
[BlackElo "1762"]

1. d4 d5 2. c4 e5 3. dxe5 d4 4. Nf3 Nc6 5. Bg5 Bb4+ 6. Nbd2 Nge7 7. a3 Bxd2+
8. Qxd2 h6 9. Bh4 Be6 10. e3 dxe3 11. Qxe3 g5 12. Rd1 Bd7 13. Bg3 Nf5 14. Qc3
Qe7 15. Be2 O-O-O 16. b4 Rhe8 17. O-O h5 18. h3 Nxg3 19. fxg3 g4 20. hxg4 hxg4
21. Nh4 Nxe5 22. Nf5 Qg5 23. Nd4 f6 24. Qd2 Qg6 25. Qf4 Rf8 26. Nf5 Rde8 27.
Bd3 Nxd3 28. Rxd3 Re5 29. Qxe5 Qh7 30. Qe7 {#r} 1-0

[Event "22nd Hampstead: Under 2200"]
[Site "London, England"]
[Date "2014.10.25"]
[Round "2"]
[White "Jacob, Sydney J"]
[Black "Grey, Nicholas D"]
[Result "0-1"]
[WhiteElo "1885"]
[BlackElo "1751"]

1. c4 e5 2. g3 f5 3. Bg2 Nf6 4. Nc3 d6 5. e3 Be7 6. Nge2 O-O 7. b3 c6 8. d4 e4
9. O-O Na6 10. a3 Nc7 11. Nf4 Qe8 12. f3 d5 13. cxd5 cxd5 14. b4 g5 15. Nfe2
Qh5 16. Bd2 Be6 17. Rc1 Rac8 18. Qb3 Rfd8 19. a4 Nfe8 20. b5 Nd6 21. Na2 Nc4
22. Bb4 Bxb4 23. Qxb4 Nxe3 24. Qe7 Rd7 25. Qf6 Nc4 26. g4 fxg4 27. Ng3 Qh4 28.
Nf5 Bxf5 29. Qxf5 Rcd8 30. fxe4 Ne3 31. Qe5 Re8 32. Rxc7 Rxe5 33. Rxd7 Nxf1
34. dxe5 Ne3 35. Rd8+ Kf7 36. Rd7+ Ke8 {#R} 0-1

[Event "22nd Hampstead: Under 2200"]
[Site "London, England"]
[Date "2014.10.25"]
[Round "2"]
[White "Barasi, Paul DI"]
[Black "Wen, Jackson"]
[Result "1-0"]
[WhiteElo "1865"]
[BlackElo "1703"]

1. d4 Nf6 2. Bg5 c5 3. d5 e6 4. Nc3 d6 5. e4 Be7 6. Nf3 O-O 7. Be2 exd5 8.
exd5 Bf5 9. O-O Nbd7 10. Re1 Nb6 11. Bf4 a6 12. a4 Re8 13. a5 Nbd7 14. h3 Nf8
15. Bh2 Ng6 16. Bd3 Qd7 17. Bf1 Bf8 18. Rxe8 Rxe8 19. Ra4 Ne4 20. Ra3 Qd8 21.
Nxe4 Bxe4 22. c4 Qf6 23. Qd2 Be7 24. Re3 Bf5 25. b4 Nh4 26. Nxh4 Qxh4 27. bxc5
Be4 28. g3 Qh6 29. Qe1 f5 30. f3 Bg5 31. Rb3 Kf8 32. fxe4 Rxe4 33. Qd1 Be3+
34. Kg2 Bxc5 35. Rf3 g6 36. Bg1 Bb4 37. Bf2 Bxa5 38. Bd3 Re5 39. Qa1 Qd2 40.
Qd4 Bb4 41. Qh4 Bc5 42. g4 Kg7 43. gxf5 h6 44. f6+ Kf7 45. Bxg6+ Kf8 46. Bf5
Re2 47. Qg3 Rxf2+ 48. Rxf2 Qxf2+ 49. Qxf2 Bxf2 50. Kxf2 b6 51. Be6 a5 52. Ke3
Ke8 53. Kd2 Kf8 54. Kc2 Ke8 55. Kb3 Kf8 56. Ka4 Ke8 57. h4 Kf8 58. Kb5 Ke8 59.
f7+ Ke7 60. h5 Kf8 61. Kxb6 a4 62. Bf5 Kxf7 63. Kc6 Ke7 64. Kc7 Kf6 65. Bb1
Ke7 66. c5 dxc5 67. d6+ Kf6 68. d7 Kg5 69. Bg6 a3 70. d8=Q+ Kg4 71. Qd1+ {#r}
1-0

[Event "22nd Hampstead: Under 2200"]
[Site "London, England"]
[Date "2014.10.25"]
[Round "2"]
[White "Woltery, Nicolai"]
[Black "Huang, Dion"]
[Result "1/2-1/2"]
[WhiteElo "1755"]
[BlackElo "1844"]

1. d4 Nf6 2. c4 g6 3. Nc3 Bg7 4. e4 d6 5. f3 O-O 6. Be3 a6 7. Qd2 Nc6 8. Nge2
Na5 9. Nc1 Nd7 10. Nb3 Nxb3 11. axb3 e5 12. d5 f5 13. Bd3 Nf6 14. Bg5 f4 15.
Kd1 Bd7 16. Bxf6 Bxf6 17. Ne2 Qe8 18. Ra2 b5 19. Qc3 c5 20. b4 cxb4 21. Qxb4
Be7 22. Nc3 Qb8 23. cxb5 Bxb5 24. Nxb5 axb5 25. Ra3 Rxa3 26. bxa3 {#d} 1/2-1/2

[Event "22nd Hampstead: Under 2200"]
[Site "London, England"]
[Date "2014.10.25"]
[Round "2"]
[White "Finnegan, Oliver"]
[Black "Xu, David"]
[Result "1/2-1/2"]
[WhiteElo "1838"]
[BlackElo "1537"]

1. d4 d5 2. c4 c6 3. Nf3 Nf6 4. Nc3 e6 5. cxd5 cxd5 6. e3 Nbd7 7. Bd3 Be7 8.
O-O b6 9. Bd2 Bb7 10. Rc1 O-O 11. Qe2 a6 12. Bb1 b5 13. Rfd1 Nb6 14. Qf1 Qd7
15. Ne5 Qd6 16. Qd3 Nc4 17. Nxc4 dxc4 18. Qe2 b4 19. Qxc4 bxc3 20. Bxc3 Rfc8
21. Qe2 Qd5 22. f3 Qh5 23. e4 Nd7 24. Re1 Bg5 25. Rcd1 Bf6 26. Qf1 a5 27. Bd3
Nb6 28. Bb5 Rc7 29. Qe2 Bh4 30. g3 Be7 31. a3 Nc8 32. a4 Nd6 33. Bd3 Bc6 34.
g4 Qh3 35. Qf2 Bh4 36. Qe3 Bxe1 37. Bxe1 f6 38. Bg3 Rd7 39. Bf4 g5 40. Bg3 Qh6
41. d5 exd5 42. exd5 Bxa4 43. Ra1 Re8 44. Qb6 Bb5 45. Bxb5 Nxb5 46. Qxb5 Red8
47. d6 Qg6 48. Qd5+ Kg7 49. Qxa5 Qd3 50. Qc3 Qb5 51. Ra5 Qb6+ 52. Kg2 h6 53.
Rc5 Rb8 54. Qc4 Qxb2+ 55. Kh3 Rbd8 56. Rc7 Qb1 57. Kg2 Qg6 58. Qe6 Qf7 59. Qf5
Qe8 60. Rc2 Qg6 61. Qc5 h5 62. h3 h4 63. Bh2 Qd3 64. Ra2 Re8 65. Qf2 Rb8 66.
Re2 Rbb7 67. Qe1 Qa3 68. Qf2 Ra7 69. Qd4 Qc1 70. Be5 Rf7 71. Bxf6+ Kg6 72.
Qe4+ Kxf6 73. Qe6+ Kg7 74. Qe5+ Rf6 75. Qe8 Raf7 76. d7 Qf4 77. Re3 Qg3+ 78.
Kh1 Qxh3+ 79. Kg1 Qg3+ 80. Kh1 Rxf3 81. Qg8+ Kxg8 82. d8=Q+ Kh7 83. Qd3+ Kh6
84. Re6+ R3f6 85. Rxf6+ Rxf6 86. Qg6+ {#d} 1/2-1/2

[Event "22nd Hampstead: Under 2200"]
[Site "London, England"]
[Date "2014.10.25"]
[Round "2"]
[White "Seman, Myroslav"]
[Black "Clayton, Tristan"]
[Result "0-1"]
[WhiteElo "1479"]
[BlackElo "1836"]

1. d4 d5 2. e3 Nf6 3. Nf3 Bg4 4. Bd3 e6 5. O-O Bd6 6. Nbd2 O-O 7. c4 c5 8. Qc2
dxc4 9. Bxc4 Nbd7 10. dxc5 Bxc5 11. b3 Rc8 12. Qd1 Qe7 13. Bb2 Rfd8 14. Qe2
Nb6 15. Rfd1 Ba3 16. Bd4 Bc5 17. Bxf6 Qxf6 18. Ne4 Qe7 19. Rxd8+ Rxd8 20. Rd1
Bxf3 21. Qxf3 Nxc4 22. bxc4 b6 23. h3 h6 24. Rxd8+ Qxd8 25. Nxc5 bxc5 26. Qc6
Qa5 27. Qe8+ Kh7 28. Qxf7 Qxa2 29. Qxe6 a5 30. Qf5+ Kh8 31. Qxc5 a4 32. Qf8+
Kh7 33. Qf5+ Kh8 34. c5 a3 35. c6 Qa1+ 36. Kh2 Qc1 37. Qd5 Qc2 38. Qd8+ Kh7
39. c7 a2 40. c8=Q Qxc8 41. Qxc8 a1=Q 42. Qf5+ Kg8 43. e4 Qb2 44. e5 Qb8 45.
g3 Qb5 46. Qc8+ Kh7 47. Qc2+ Kg8 48. Qe4 Qb6 49. Kg2 Qe6 50. g4 Kh8 51. Kg3
Qb3+ 52. f3 Qb8 53. Qd5 Kh7 54. Qd6 Qa7 55. Qd1 Qe3 56. Qc2+ Kh8 57. Qe4 Qg1+
58. Kh4 Qf2+ 59. Kh5 Qd2 60. f4 Qc3 61. h4 Qc8 62. g5 hxg5 63. hxg5 Qh3+ 64.
Kg6 Qh7+ 65. Kf7 Qxe4 66. e6 Qxf4+ 67. Ke8 Qxg5 68. e7 Qxe7+ 69. Kxe7 g5 {#R}
0-1

[Event "22nd Hampstead: Under 2200"]
[Site "London, England"]
[Date "2014.10.25"]
[Round "2"]
[White "Gelain-Sohn, Elias"]
[Black "Jekel, Wolfgang"]
[Result "0-1"]
[WhiteElo "1412"]
[BlackElo "1812"]

1. e4 d5 2. exd5 Qxd5 3. Nc3 Qd6 4. Nf3 c6 5. d4 Nf6 6. Be2 Bg4 7. Be3 e6 8.
a3 Nbd7 9. O-O Qc7 10. Nd2 Bxe2 11. Qxe2 Be7 12. Nb3 O-O 13. Rad1 Rad8 14. Qf3
Bd6 15. g3 Nb6 16. Qe2 Rd7 17. Rd2 Nbd5 18. Rd3 Rfd8 19. Rfd1 b5 20. Nxd5 Nxd5
21. Rc1 Nb6 22. c3 Nc4 23. Rc2 a5 24. Nd2 Nxd2 25. Qxd2 c5 26. b4 c4 27. Bg5
cxd3 28. Bxd8 Rxd8 29. Qxd3 Qc4 30. Qxc4 bxc4 31. Rb2 axb4 32. axb4 Kf8 33. f4
Ke7 34. Kf2 Kf6 35. Ke3 Ra8 36. Ke4 Ra1 37. d5 Re1+ 38. Kd4 Rd1+ 39. Kxc4
exd5+ 40. Kb3 Kf5 41. Kc2 Re1 42. Kd3 Ke6 43. b5 Kd7 44. c4 dxc4+ 45. Kxc4
Re4+ 46. Kc3 Kc7 47. Rb3 Re3+ 48. Kc4 Rxb3 49. Kxb3 Kb6 50. Kc4 Be7 51. h3 Bd8
52. g4 Bc7 53. f5 Bd8 54. Kb4 Bf6 55. Kc4 Be7 56. Kd5 Kxb5 57. Ke5 Kc5 58. Ke4
h6 59. Ke5 Bf6+ 60. Ke4 Kc4 61. Ke3 Kd5 62. Kf4 Kd4 63. Kg3 Ke3 64. h4 Be5+
65. Kh3 Kf4 66. g5 hxg5 67. hxg5 Kxg5 68. f6 Bxf6 69. Kg3 Be5+ 70. Kg2 f5 71.
Kf3 Bd4 72. Kg3 f4+ 73. Kf3 Kf5 74. Ke2 Ke4 75. Ke1 g5 76. Kf1 g4 77. Ke2 g3
78. Kd2 f3 79. Kc2 g2 80. Kb3 f2 81. Kc4 f1=Q+ 82. Kb4 g1=R 83. Kb3 Rg3+ 84.
Kb4 Qb1+ 85. Kc4 Rc3# 0-1

[Event "22nd Hampstead: Under 2200"]
[Site "London, England"]
[Date "2014.10.25"]
[Round "2"]
[White "Willmoth, Robert"]
[Black "Vir, Prashast"]
[Result "1-0"]
[WhiteElo "2176"]
[BlackElo "1740"]

1. e4 c5 2. Nf3 Nc6 3. Bb5 Qc7 4. O-O e6 5. Re1 a6 6. Bf1 Nf6 7. c3 Be7 8. d4
cxd4 9. e5 Nd5 10. cxd4 d6 11. Bc4 Nb6 12. Bb3 dxe5 13. dxe5 Bd7 14. Nc3 Na5
15. Bc2 Bc6 16. Bf4 Nac4 17. Rc1 Nxb2 18. Qe2 Bxf3 19. Qxf3 Rc8 20. Be4 Bc5
21. Bxb7 Nd3 22. Qxd3 Qxb7 23. Ne4 Bb4 24. Rxc8+ Qxc8 25. Rc1 Qb7 26. Nd6+
Bxd6 27. Qxd6 Nd5 28. Bg5 Qd7 29. Qb8+ {#r} 1-0

[Event "22nd Hampstead: Under 2200"]
[Site "London, England"]
[Date "2014.10.25"]
[Round "2"]
[White "Villiers, Tom"]
[Black "Pepe, Salvatore"]
[Result "1-0"]
[WhiteElo "2050"]
[BlackElo "1694"]

1. d4 g6 2. g3 Bg7 3. e4 d6 4. Bg2 c5 5. dxc5 Qa5+ 6. Bd2 Qxc5 7. Bc3 Nf6 8.
Nf3 O-O 9. Nbd2 Bg4 10. h3 Bd7 11. O-O Na6 12. e5 Nd5 13. Bd4 Qc7 14. exd6
exd6 15. Bxg7 Kxg7 16. Ne4 Be6 17. Nfg5 Rad8 18. Qd4+ Kg8 19. c4 Qb6 20. Qd2
Ne7 21. Qc3 Qb4 22. Qf6 d5 23. Nxe6 fxe6 24. Qxe6+ Kh8 25. Qe5+ Kg8 26. Nf6+
Kf7 27. Nxd5 Rxd5 28. cxd5 Re8 29. d6 Nf5 30. Bd5+ {#r} 1-0

[Event "22nd Hampstead: Under 2200"]
[Site "London, England"]
[Date "2014.10.25"]
[Round "2"]
[White "Misyura, Ilya"]
[Black "Hayward, Alan"]
[Result "0-1"]
[WhiteElo "1666"]
[BlackElo "1973"]

1. d4 d5 2. c4 Nc6 3. e3 e5 4. cxd5 Qxd5 5. Nc3 Bb4 6. Bd2 Bxc3 7. bxc3 exd4
8. cxd4 Nf6 9. Nf3 O-O 10. Be2 Ne4 11. Qc2 Nxd2 12. Qxd2 a5 13. O-O Re8 14.
Rac1 h6 15. Rc5 Qd6 16. Rfc1 Bg4 17. h3 Bd7 18. Bb5 Re7 19. Bxc6 Bxc6 20. d5
Be8 21. Rxa5 Rd8 22. Nd4 Re5 23. Rac5 c6 24. R5c4 Rxd5 25. Qe2 c5 26. Nb3 Bb5
27. Na5 Bxc4 28. Nxc4 Rd1+ 29. Qxd1 Qxd1+ 30. Rxd1 Rxd1+ 31. Kh2 Rc1 32. Nd2
Rc2 33. Ne4 b6 34. a4 Ra2 35. Nc3 Rxf2 36. Nd5 Rb2 37. Kg3 f6 38. Kf3 Kf7 39.
e4 Ke6 40. g4 Rb3+ 41. Ke2 Ke5 42. Ne3 Kxe4 43. Nc4 Kd4 44. Nd6 Rxh3 45. Nf5+
Ke4 46. Nd6+ Kf4 47. Nc4 Rb3 48. a5 bxa5 49. Nxa5 Rb2+ 50. Kd3 Kxg4 {#R} 0-1

[Event "22nd Hampstead: Under 2200"]
[Site "London, England"]
[Date "2014.10.25"]
[Round "2"]
[White "Nayak, Raghav"]
[Black "Ponting, Andrew"]
[Result "0-1"]
[WhiteElo "1690"]
[BlackElo "1891"]

1. e4 c5 2. Nc3 Nc6 3. f4 d6 4. Nf3 g6 5. Bc4 Bg7 6. O-O a6 7. a4 Rb8 8. d3
Nh6 9. Qe1 Bg4 10. Qg3 Bxf3 11. Rxf3 Nd4 12. Rf2 b5 13. Bb3 Nxb3 14. cxb3 f5
15. h3 O-O 16. Be3 b4 17. Na2 Qd7 18. Re1 Qe6 19. Nc1 fxe4 20. dxe4 Qxe4 21.
Bd2 Qd5 22. Rxe7 Nf5 23. Rxg7+ Kxg7 24. Qh2 Rbe8 25. g4 Nd4 26. Qg2 Qxg2+ 27.
Kxg2 Re4 28. Kg3 a5 29. Kg2 d5 30. Kf1 c4 31. Kg2 Rfe8 32. Kf1 R8e7 33. f5
gxf5 34. gxf5 Rf7 35. f6+ Rxf6 36. Rxf6 Kxf6 37. Kf2 Kf5 38. Kf1 Nxb3 39. Nxb3
cxb3 40. Kf2 Rc4 {#R} 0-1

[Event "22nd Hampstead: Under 2200"]
[Site "London, England"]
[Date "2014.10.25"]
[Round "2"]
[White "Snook-Lumb, Chris"]
[Black "Giles, Yasmin"]
[Result "1-0"]
[WhiteElo "1640"]
[BlackElo "1888"]

1. c4 c6 2. g3 d5 3. Nf3 Nf6 4. Bg2 Bf5 5. O-O e6 6. Nh4 Be4 7. f3 Bxb1 8. d3
dxc4 9. Rxb1 h6 10. f4 cxd3 11. exd3 Bc5+ 12. Kh1 a5 13. a3 a4 14. b4 axb3 15.
Qxb3 b5 16. f5 e5 17. Nf3 Qc7 18. Bb2 O-O 19. Bxe5 Qa7 20. Ra1 Nd5 21. Bb2 Ne3
22. Qc3 f6 23. d4 Nxf1 24. dxc5 Nxg3+ 25. hxg3 Na6 26. Rc1 Qf7 27. Nh4 Rac8
28. Qf3 Rfd8 29. Ng6 Rd2 30. Bc3 Rd7 31. Qf2 Qc4 32. Bd2 Qg4 33. Re1 Rcd8 34.
Ba5 Rb8 35. Bxc6 Rd3 36. Kg2 Rxa3 37. Bb6 Nb4 38. Re4 Qxe4+ 39. Bxe4 Ra2 40.
Bd5+ {#r} 1-0

[Event "22nd Hampstead: Under 2200"]
[Site "London, England"]
[Date "2014.10.25"]
[Round "2"]
[White "Wu, Haotian"]
[Black "Bryant, Jon"]
[Result "1-0"]
[WhiteElo "1612"]
[BlackElo "1885"]

1. d4 f5 2. Bg5 g6 3. c4 Bg7 4. Nc3 Nf6 5. e3 O-O 6. Nf3 d6 7. Bd3 Nc6 8. O-O
e5 9. Bc2 Qe8 10. Nb5 Rf7 11. Bb3 Na5 12. Ba4 Qe7 13. Nc3 h6 14. Nd5 Qe6 15.
dxe5 Ne4 16. Bf4 g5 17. Bg3 Nxg3 18. fxg3 dxe5 19. Nxc7 {#r} 1-0

[Event "22nd Hampstead: Under 2200"]
[Site "London, England"]
[Date "2014.10.25"]
[Round "2"]
[White "Willmoth, Harrison"]
[Black "Paveliuc, Alin-Dumitru"]
[Result "0-1"]
[WhiteElo "1570"]
[BlackElo "1878"]

1. e4 c5 2. Nf3 d6 3. Bb5+ Bd7 4. Bxd7+ Qxd7 5. O-O Nf6 6. Re1 Nc6 7. c3 e6 8.
d4 Be7 9. Bg5 Rd8 10. Nbd2 O-O 11. Qe2 Kh8 12. Nb3 b6 13. Rad1 d5 14. Bxf6
gxf6 15. e5 f5 16. Nfd2 Rg8 17. f4 Rg6 18. Nf3 Rdg8 19. Kh1 Rg4 20. Qd2 Qe8
21. Rg1 Qf8 22. g3 h5 23. Qf2 Qh6 24. h4 a5 25. a4 c4 26. Nbd2 Bd8 27. Nb1 Ne7
28. Na3 Ng6 29. Nb5 Nxf4 30. gxf4 Qxf4 31. Rxg4 Rxg4 32. Rf1 Rg3 33. Nd6 Bxh4
34. Nh2 Qxf2 35. Rxf2 Rxc3 36. Nxf7+ Kg8 37. bxc3 Bxf2 38. Nd6 Bxd4 39. Nb5
Bxe5 40. Nf3 Bf6 41. Kg2 Kf8 42. Kg3 e5 43. Ng1 d4 44. Nh3 h4+ 45. Kf3 dxc3
46. Na3 Ke7 47. Nf2 Ke6 48. Ke3 e4 49. Kf4 Be5+ 50. Ke3 Bd6 51. Nc2 Bc5+ {#R}
0-1

[Event "22nd Hampstead: Under 2200"]
[Site "London, England"]
[Date "2014.10.25"]
[Round "2"]
[White "Pollack, Oscar"]
[Black "Winter, Malcolm J"]
[Result "1-0"]
[WhiteElo "1774"]
[BlackElo "1548"]

1. Nf3 Nf6 2. g3 d5 3. Bg2 e6 4. O-O Be7 5. c4 c6 6. d3 Nbd7 7. Bf4 O-O 8.
Nbd2 b6 9. e4 dxe4 10. dxe4 Bb7 11. e5 Ne8 12. Ne4 Nc5 13. Qc2 Qd3 14. Qxd3
Nxd3 15. Bc1 Nxc1 16. Raxc1 c5 17. Rfe1 Rd8 18. Nfd2 Ba8 19. Nb1 Nc7 20. Rcd1
Bxe4 21. Bxe4 Rd4 22. Rxd4 cxd4 23. Rd1 Rd8 24. Nd2 f5 25. Bb1 Kf7 26. Nb3 Bc5
27. Nxc5 bxc5 28. f4 a5 29. Kg2 Na6 30. a3 Rb8 31. Rd2 Rb3 32. g4 g6 33. g5
Ke7 34. Bd3 Nb8 35. Kf3 Nc6 36. Ke2 Kd7 37. Kd1 Kc7 38. Kc2 Rb8 39. h4 Ne7 40.
Rh2 Rh8 41. Be2 h6 42. h5 hxg5 43. fxg5 f4 44. Bf3 Nf5 45. h6 Ne3+ 46. Kd3 Nf5
47. Ke4 Ne3 48. Be2 Kd7 49. Kxf4 Ke7 50. Ke4 Nf5 51. Rh3 Ne3 52. Rh1 a4 53.
Kd3 Rh7 54. Bf3 Kd7 55. Be4 Nf5 56. Bxf5 exf5 57. Kc2 Ke6 58. Re1 f4 59. b4
axb3+ 60. Kxb3 Kf5 61. e6 Re7 62. h7 Rxh7 63. e7 Rxe7 64. Rxe7 f3 65. Kc2 Kf4
66. Kd3 Kxg5 67. Re5+ Kf4 68. Rxc5 Kg3 69. Rg5+ Kf2 70. Rxg6 {#r} 1-0

[Event "22nd Hampstead: Under 2200"]
[Site "London, England"]
[Date "2014.10.25"]
[Round "2"]
[White "Hsu, Avril Chloe"]
[Black "Parry, Jacques"]
[Result "0-1"]
[WhiteElo "955"]
[BlackElo "1751"]

1. e4 c5 2. Nf3 e6 3. Bc4 a6 4. d3 Nc6 5. Nc3 Nge7 6. Bd2 Na5 7. b3 b5 8. Nxb5
axb5 9. Bxb5 Nec6 10. O-O Be7 11. Bf4 O-O 12. c3 Ba6 13. a4 Qb6 14. Bxc6 Nxc6
15. Bd2 Bxd3 16. Bh6 Bxf1 17. Kxf1 gxh6 18. Qd2 Bg5 19. Qxd7 Rfd8 20. Qxd8+
Rxd8 21. Rb1 Bf6 22. c4 Rd3 23. Ne1 Rxb3 24. Rd1 Rb1 25. Rd2 Rxe1+ 26. Kxe1
Bc3 27. Ke2 Bxd2 28. Kxd2 Qb2+ 29. Ke3 e5 30. Kf3 Nd4+ 31. Kg4 Qe2+ 32. Kg3 h5
33. f3 f5 34. a5 Ne6 35. a6 Qe1+ 36. Kh3 Nf4# 0-1